000 00705nam a22002177a 4500
999 _c9547
_d9547
003 AR-CdUCM
008 190328b ||||| |||| 00| 0 spa d
040 _aMUNICIPALIDAD PROVINCIAL DEL CUSCO
_cBIBLIOTECA MUNICIPAL DEL CUSCO
082 _aC / 867 /
_bP26S
100 _aParedes ,Luis Felipe
_916077
245 _aSensaciones de viaje /
260 _aCuzco :
_bImp. Garcilaso ,
_c1955.
300 _a44 páginas ;
_c19 cm.
500 _aCon dedicatoria a Luis Nieto -- Donación de la familia Nieto
505 _aContenido : Buenos Aires -- La Paz -- Cuzco -- Arequipa...
650 _aViajes
_9856
650 _aLiteratura
_9416
650 _aCusco
_9772
942 _2ddc
_cLIBROS
945 _admma